[Event "World Open"]
[Site "Valley Forge, PA"]
[Date "2010.07.02"]
[Round "3"]
[White "Smarty, Sylvester"]
[Black "Arnold, Marc"]
[Result "0-1"]
[WhiteElo "2057"]
[BlackElo "2433"]
[PlyCount "80"]
[EventDate "2010.07.??"]
[EventCountry "USA"]
[Source "MonRoi"]

1. c4 e5 2. g3 c6 3. d4 exd4 4. Qxd4 Nf6 5. Bg2 d5 6. Nf3 Be7 7. O-O O-O 8.
cxd5 Nxd5 9. e4 Nb4 10. Nc3 Be6 11. a3 Nc2 12. Qxd8 Rxd8 13. Rb1 Bc4 14. Rd1
Rxd1+ 15. Nxd1 Ba2 16. Nc3 Bxb1 17. Nxb1 Bc5 18. Kf1 Nd4 19. Nxd4 Bxd4 20. Ke2
Nd7 21. f4 Nc5 22. Nd2 Rd8 23. b4 Na4 24. Nb1 f6 25. Bf3 Kf7 26. h4 Nc3+ 27.
Nxc3 Bxc3 28. Be3 Bd4 29. Bd2 b6 30. e5 c5 31. bxc5 Bxc5 32. a4 Bf2 33. Bg4
fxe5 34. fxe5 Bxg3 35. e6+ Ke8 36. Bg5 Rd5 37. Ke3 Bd6 38. Ke4 Ra5 39. Bh3
Rxa4+ 40. Kd5 Be7 0-1

[Event "World Open"]
[Site "Valley Forge, PA"]
[Date "2010.07.02"]
[Round "3"]
[White "Wang, Puchen"]
[Black "Hess, Robert"]
[Result "0-1"]
[WhiteElo "2469"]
[BlackElo "2590"]
[PlyCount "94"]
[EventDate "2010.07.??"]
[EventCountry "USA"]
[Source "MonRoi"]

1. e4 c5 2. Nf3 d6 3. d4 cxd4 4. Nxd4 Nf6 5. Nc3 g6 6. Be3 a6 7. Be2 Nbd7 8.
O-O Bg7 9. f4 O-O 10. a4 Qc7 11. g4 e5 12. fxe5 Nxe5 13. h3 Be6 14. Qd2 Bc4 15.
g5 Nfd7 16. b3 Be6 17. Nd5 Bxd5 18. exd5 Nc5 19. Rf4 Qe7 20. h4 Rae8 21. Re1 h6
22. b4 hxg5 23. hxg5 Nxa4 24. Rf2 Nb6 25. Nc6 bxc6 26. Bxb6 Nc4 27. Bxc4 Qxe1+
28. Qxe1 Rxe1+ 29. Kg2 Re4 30. Bxa6 Rxb4 31. Bc7 Ra4 32. Bb7 cxd5 33. Bxd6 Rg4+
34. Kf3 Rxg5 35. Bxf8 Kxf8 36. Re2 Rf5+ 37. Kg4 d4 38. Ba6 Bh6 39. Bd3 Rc5 40.
Kf3 Be3 41. Rg2 Kg7 42. c4 Re5 43. Rc2 Bg5 44. Re2 Rxe2 45. Bxe2 f5 46. c5 Be7
47. c6 Bd6 0-1

[Event "World Open"]
[Site "Valley Forge, PA"]
[Date "2010.07.02"]
[Round "4"]
[White "Ganguly, Surya"]
[Black "McShane, Luke J"]
[Result "1/2-1/2"]
[WhiteElo "2672"]
[BlackElo "2623"]
[PlyCount "118"]
[EventDate "2010.07.??"]
[EventCountry "USA"]
[Source "MonRoi"]

1. e4 e5 2. Nf3 Nc6 3. Bb5 Nf6 4. O-O Nxe4 5. d4 Nd6 6. Bxc6 dxc6 7. dxe5 Nf5
8. Qxd8+ Kxd8 9. Nc3 h6 10. h3 Bd7 11. b3 Ne7 12. Bb2 b6 13. Rad1 Kc8 14. Rd2
c5 15. Rfd1 Be6 16. Ne2 Ng6 17. h4 Be7 18. h5 Nf8 19. Nh2 g6 20. Nf4 Bg5 21.
Nxe6 Nxe6 22. Rd7 Rd8 23. Rxd8+ Bxd8 24. Ng4 Bg5 25. hxg6 fxg6 26. g3 a5 27. f4
Be7 28. Nxh6 a4 29. Ng8 Bf8 30. Kg2 c4 31. bxc4 a3 32. Bc1 Ra4 33. Be3 Rxc4 34.
Rd2 Rb4 35. Kf3 Rb2 36. c3 b5 37. g4 b4 38. cxb4 Bxb4 39. Re2 c5 40. f5 gxf5
41. gxf5 Nd4+ 42. Bxd4 cxd4 43. e6 d3 44. Re4 d2 45. Rd4 Rb3+ 46. Kf4 Rh3 47.
e7 Rh4+ 48. Ke3 Rxd4 49. e8=Q+ Kc7 50. Qf7+ Kb6 51. Qf6+ Rd6 52. Qxd6+ Bxd6 53.
Kxd2 Kc5 54. Nf6 Be7 55. Ng4 Kd4 56. Kc2 Ke4 57. f6 Bf8 58. Kb3 Kf5 59. Ne3+
Kxf6 1/2-1/2

[Event "World Open"]
[Site "Valley Forge, PA"]
[Date "2010.07.02"]
[Round "4"]
[White "Harikrishna, Penteala"]
[Black "Sandipan, Chanda"]
[Result "1/2-1/2"]
[WhiteElo "2660"]
[BlackElo "2640"]
[PlyCount "60"]
[EventDate "2010.07.??"]
[EventCountry "USA"]
[Source "MonRoi"]

1. d4 d5 2. c4 c6 3. Nf3 Nf6 4. Nc3 e6 5. Bg5 h6 6. Bh4 dxc4 7. e4 g5 8. Bg3 b5
9. Be2 Bb7 10. O-O Nbd7 11. Ne5 Bg7 12. Nxd7 Nxd7 13. Bd6 a6 14. a4 b4 15. Bxb4
Qb6 16. Ba3 Qxd4 17. Qc2 c5 18. Rad1 Qe5 19. Bxc4 Qc7 20. Bb5 Bc6 21. Bxc6 Qxc6
22. Ne2 O-O 23. f4 Nf6 24. Ng3 Rfd8 25. fxg5 hxg5 26. Qxc5 Qxa4 27. Rxd8+ Rxd8
28. Qxg5 Rd1 29. Bc5 Nxe4 30. Nxe4 Rxf1+ 1/2-1/2

[Event "World Open"]
[Site "Valley Forge, PA"]
[Date "2010.07.02"]
[Round "4"]
[White "Hirneise, Tobias"]
[Black "Onischuk, Alexander"]
[Result "0-1"]
[WhiteElo "2447"]
[BlackElo "2699"]
[PlyCount "54"]
[EventDate "2010.07.??"]
[EventCountry "USA"]
[Source "MonRoi"]

1. d4 Nf6 2. c4 e6 3. g3 d5 4. Nf3 dxc4 5. Bg2 Nc6 6. Qa4 Bb4+ 7. Bd2 Nd5 8.
Bxb4 Ndxb4 9. O-O Rb8 10. Na3 a6 11. Ne5 O-O 12. Nxc6 Nxc6 13. Bxc6 bxc6 14.
Nxc4 Qxd4 15. Rfd1 Qe4 16. Rd2 Rb5 17. Rc1 e5 18. Qa3 Rd5 19. f3 Qg6 20. Rxd5
cxd5 21. Nxe5 Qb6+ 22. e3 Re8 23. Rc6 Qb5 24. Rxc7 Bh3 25. Nd3 Rxe3 26. Qc5
Qxc5 27. Nxc5 Rxf3 0-1

[Event "World Open"]
[Site "Valley Forge, PA"]
[Date "2010.07.03"]
[Round "4"]
[White "Amanov, Mesgen"]
[Black "Robson, Ray"]
[Result "1-0"]
[WhiteElo "2479"]
[BlackElo "2569"]
[PlyCount "67"]
[EventDate "2010.07.??"]
[EventCountry "USA"]
[Source "MonRoi"]

1. d4 d5 2. c4 e6 3. Nf3 Nf6 4. Nc3 c6 5. Bg5 dxc4 6. a4 Bb4 7. e4 Bxc3+ 8.
bxc3 Qa5 9. e5 Ne4 10. Rc1 b5 11. Qc2 Nxg5 12. Nxg5 h6 13. Ne4 O-O 14. g4 c5
15. g5 cxd4 16. gxh6 g6 17. Nf6+ Kh8 18. Bg2 b4 19. cxd4 b3+ 20. Qc3 b2 21. O-O
bxc1=Q 22. Qxa5 Qxh6 23. Bxa8 Kg7 24. Qxa7 Rh8 25. Ng4 Qf4 26. f3 Na6 27. Be4
Rh4 28. Qe7 Rxg4+ 29. fxg4 Qe3+ 30. Rf2 Qe1+ 31. Kg2 Qxe4+ 32. Kg3 Qe3+ 33. Rf3
Qe1+ 34. Kh3 1-0

[Event "World Open"]
[Site "Valley Forge, PA"]
[Date "2010.07.03"]
[Round "4"]
[White "Arnold, Marc"]
[Black "Young, Angelo"]
[Result "1/2-1/2"]
[WhiteElo "2433"]
[BlackElo "2353"]
[PlyCount "91"]
[EventDate "2010.07.??"]
[EventCountry "USA"]
[Source "MonRoi"]

1. d4 Nf6 2. c4 g6 3. Nf3 Bg7 4. g3 c6 5. Nc3 d5 6. Qb3 O-O 7. Bg2 dxc4 8. Qxc4
Qb6 9. O-O Be6 10. Qd3 Qa6 11. Qc2 Nd5 12. Bd2 Rd8 13. b3 Bf5 14. Qc1 Nd7 15.
Nh4 Nxc3 16. Bxc3 Bg4 17. f3 Be6 18. e4 Nf8 19. Qe3 Qb6 20. Rad1 a5 21. Rd2 a4
22. b4 Bc4 23. Rc1 e5 24. Qf2 exd4 25. Ba1 Be6 26. a3 Rac8 27. Re1 c5 28. bxc5
Qxc5 29. Bf1 d3 30. Qxc5 Rxc5 31. Rxd3 Rdc8 32. Ng2 Bc4 33. Rdd1 Bxf1 34. Kxf1
Rc2 35. Bxg7 Kxg7 36. Ne3 Rxh2 37. Rd4 b5 38. Rd3 Ne6 39. Kg1 Ng5 40. Nf5+ gxf5
41. Kxh2 Rc2+ 42. Kh1 Nh3 43. Rde3 Nf2+ 44. Kg1 Nh3+ 45. Kh1 Nf2+ 46. Kg1
1/2-1/2

[Event "World Open"]
[Site "Valley Forge, PA"]
[Date "2010.07.03"]
[Round "4"]
[White "De Firmian, Nick"]
[Black "Gorman, Dov"]
[Result "1-0"]
[WhiteElo "2549"]
[BlackElo "2298"]
[PlyCount "71"]
[EventDate "2010.07.??"]
[EventCountry "USA"]
[Source "MonRoi"]

1. e4 c5 2. Nf3 d6 3. d4 cxd4 4. Nxd4 Nf6 5. Nc3 g6 6. Be3 Bg7 7. f3 Nc6 8. Qd2
O-O 9. Bc4 Bd7 10. h4 Qc7 11. Bb3 Na5 12. h5 Nc4 13. Bxc4 Qxc4 14. O-O-O Rfc8
15. hxg6 fxg6 16. Kb1 b5 17. g4 b4 18. Nd5 Nxd5 19. exd5 Qxd5 20. Qh2 Qe5 21.
Bf4 Qf6 22. Bc1 Rc4 23. Qxh7+ Kf8 24. Bh6 Bxh6 25. Qxh6+ Kf7 26. Qd2 Rh8 27.
Rxh8 Qxh8 28. b3 Rc3 29. Ne2 Rc5 30. Qxb4 Qe5 31. Nd4 Qe3 32. Qb7 Bc8 33. Qxa7
Qf2 34. Qb8 Ba6 35. Qh8 Re5 36. Nc6 1-0

[Event "World Open"]
[Site "Valley Forge, PA"]
[Date "2010.07.03"]
[Round "4"]
[White "Fedorowicz, John"]
[Black "Aramil, William"]
[Result "1/2-1/2"]
[WhiteElo "2456"]
[BlackElo "2276"]
[PlyCount "87"]
[EventDate "2010.07.??"]
[EventCountry "USA"]
[Source "MonRoi"]

1. d4 Nf6 2. Nf3 g6 3. c4 Bg7 4. g3 O-O 5. Bg2 d6 6. Nc3 Nbd7 7. O-O e5 8. e4
exd4 9. Nxd4 Re8 10. h3 a6 11. Nc2 Rb8 12. Rb1 Ne5 13. b3 c5 14. a4 Qc7 15. Bb2
Be6 16. f4 Nxc4 17. bxc4 Bxc4 18. Re1 Bb3 19. Ba1 c4 20. Qd2 Qa5 21. Ne3 Qc5
22. Kh2 b5 23. axb5 axb5 24. Ncd5 Nxe4 25. Bxe4 Rxe4 26. Bxg7 Kxg7 27. Nf5+
gxf5 28. Rxe4 c3 29. Qxc3+ Qxc3 30. Nxc3 fxe4 31. Rxb3 f5 32. g4 b4 33. Nd5 Rb5
34. Ne3 fxg4 35. hxg4 h5 36. Nf5+ Kg6 37. Nxd6 Rd5 38. f5+ Kg7 39. Nxe4 Rd4 40.
Ng3 hxg4 41. Re3 Kf7 42. Kg2 Rd2+ 43. Kf1 Ra2 44. Rb3 1/2-1/2

[Event "World Open"]
[Site "Valley Forge, PA"]
[Date "2010.07.03"]
[Round "4"]
[White "Fielding, Paul"]
[Black "Bellaiche, Antony"]
[Result "0-1"]
[WhiteElo "2167"]
[BlackElo "2442"]
[PlyCount "64"]
[EventDate "2010.07.??"]
[EventCountry "USA"]
[Source "MonRoi"]

1. Nf3 Nf6 2. g3 b6 3. Bg2 Bb7 4. O-O c5 5. c4 e6 6. Nc3 a6 7. d4 cxd4 8. Qxd4
Nc6 9. Qd2 Qc7 10. b3 Rd8 11. Bb2 Be7 12. Rac1 Qb8 13. Rfd1 d6 14. Qe3 Ba8 15.
Ng5 h6 16. Nge4 Ng4 17. Qd3 f5 18. Nd2 Nce5 19. Qb1 Bxg2 20. Kxg2 Qb7+ 21. Kg1
h5 22. h3 h4 23. hxg4 hxg3 24. f3 Bg5 25. Nd5 exd5 26. Bxe5 dxe5 27. Qxf5 Be3+
28. Kg2 Rh2+ 29. Kxg3 Bf4+ 30. Qxf4 exf4+ 31. Kxh2 Qe7 32. Re1 Qe3 0-1

[Event "World Open"]
[Site "Valley Forge, PA"]
[Date "2010.07.03"]
[Round "4"]
[White "Gulamali, Kazim"]
[Black "Bailleau, Gerald"]
[Result "1/2-1/2"]
[WhiteElo "2357"]
[BlackElo "2219"]
[PlyCount "133"]
[EventDate "2010.07.??"]
[EventCountry "USA"]
[Source "MonRoi"]

1. e4 c6 2. d4 d5 3. f3 e6 4. Nc3 Nf6 5. Bf4 Be7 6. Nge2 b6 7. Qd2 a5 8. Ng3 h5
9. Bg5 h4 10. Nge2 Ba6 11. Nf4 Bxf1 12. Rxf1 Na6 13. e5 Ng8 14. Bxe7 Nxe7 15.
O-O-O Qc7 16. g4 hxg3 17. hxg3 O-O-O 18. Rh1 Kb7 19. g4 Qd7 20. Qg2 c5 21. dxc5
bxc5 22. Rxh8 Rxh8 23. Qe2 Qc6 24. Nb5 Nc8 25. Nh5 g6 26. Nf6 c4 27. Nd4 Qc5
28. c3 Nb6 29. f4 Qe7 30. Nb5 Nc8 31. Qe3 Nc5 32. Kb1 Nd3 33. Qd4 Qc5 34. Qxc5
Nxc5 35. f5 Kb6 36. Nd4 gxf5 37. gxf5 a4 38. Rg1 Ne7 39. fxe6 fxe6 40. Rg7 Rh1+
41. Kc2 Rh2+ 42. Kd1 Nc6 43. Nxd5+ exd5 44. Rg6 Ne4 45. Rxc6+ Kb7 46. e6 Rd2+
47. Kc1 Rxd4 48. e7 Nf6 49. Rxf6 Re4 50. Rd6 Rxe7 51. Rxd5 Kb6 52. a3 Rh7 53.
Rd8 Kb7 54. Rd4 Rc7 55. Kd2 Kb6 56. Ke3 Kc5 57. Rh4 Re7+ 58. Kd2 Rd7+ 59. Kc2
Rd8 60. Rh5+ Kb6 61. Re5 Rh8 62. Kd2 Rh2+ 63. Re2 Rh8 64. Re6+ Kc5 65. Ra6 Kb5
66. Ra7 Rb8 67. Ke3 1/2-1/2

[Event "World Open"]
[Site "Valley Forge, PA"]
[Date "2010.07.03"]
[Round "4"]
[White "Hungaski, Robert"]
[Black "Haskel, Jeffrey"]
[Result "1-0"]
[WhiteElo "2427"]
[BlackElo "2240"]
[PlyCount "75"]
[EventDate "2010.07.??"]
[EventCountry "USA"]
[Source "MonRoi"]

1. d4 d5 2. c4 dxc4 3. e4 e5 4. Nf3 exd4 5. Bxc4 Nc6 6. O-O Be6 7. Bxe6 fxe6 8.
Qb3 Qd7 9. Bf4 Nf6 10. Nbd2 Bb4 11. Nc4 Nxe4 12. Nfe5 Nxe5 13. Nxe5 Qe7 14.
Qa4+ Kf8 15. Nc6 bxc6 16. Qxc6 Rd8 17. Qxe4 Bd6 18. Rac1 c5 19. Rfe1 Kf7 20.
Bxd6 Qxd6 21. b4 Rhe8 22. bxc5 Qd5 23. Qxh7 d3 24. Rcd1 Rh8 25. Qe4 Rh5 26. Qe3
Rg5 27. g3 Rh5 28. h4 g5 29. c6 gxh4 30. c7 Rc8 31. Rxd3 Qc6 32. Rc3 Qd5 33.
Rc5 Qxc5 34. Qxe6+ Kg7 35. Qd7+ Kg6 36. Re6+ Kg5 37. Qg7+ Kf5 38. Qg6# 1-0

[Event "World Open"]
[Site "Valley Forge, PA"]
[Date "2010.07.03"]
[Round "4"]
[White "Ivanov, Alexander"]
[Black "Smirin, Ilia"]
[Result "1/2-1/2"]
[WhiteElo "2538"]
[BlackElo "2634"]
[PlyCount "40"]
[EventDate "2010.07.??"]
[EventCountry "USA"]
[Source "MonRoi"]

1. e4 c5 2. Nf3 e6 3. c3 Nf6 4. e5 Nd5 5. d4 cxd4 6. Qxd4 Nc6 7. Qe4 f5 8. Qe2
Rb8 9. g3 b5 10. Bg2 Be7 11. O-O O-O 12. a4 a6 13. Re1 Qb6 14. axb5 axb5 15.
Bg5 Bb7 16. Bxe7 Ncxe7 17. Nbd2 Ra8 18. Nb3 Nc7 19. Rxa8 Rxa8 20. Nfd4 Bxg2
1/2-1/2

[Event "World Open"]
[Site "Valley Forge, PA"]
[Date "2010.07.03"]
[Round "4"]
[White "Kamsky, Gata"]
[Black "Lenderman, Alex"]
[Result "1/2-1/2"]
[WhiteElo "2702"]
[BlackElo "2598"]
[PlyCount "158"]
[EventDate "2010.07.??"]
[EventCountry "USA"]
[Source "MonRoi"]

1. d4 Nf6 2. c4 e6 3. Nf3 c5 4. Nc3 cxd4 5. Nxd4 Bb4 6. g3 O-O 7. Bg2 d5 8. Nc2
Bxc3+ 9. bxc3 Qc7 10. Ne3 Rd8 11. cxd5 exd5 12. O-O Be6 13. Qa4 Nbd7 14. Rb1
Ne4 15. Bxe4 dxe4 16. Qxe4 Nb6 17. a4 Rac8 18. a5 Nd5 19. Nxd5 Bxd5 20. Qg4 Be6
21. Qb4 Rd7 22. Be3 Qc6 23. Rfe1 Bf5 24. Rb2 Qa6 25. Qb5 Qxb5 26. Rxb5 g6 27.
Bd4 a6 28. Re5 Be6 29. Rb1 Rc6 30. Re3 Kf8 31. f3 Bc4 32. Kf2 Bb5 33. Re5 Rc4
34. g4 Bc6 35. g5 Rd5 36. Rxd5 Bxd5 37. Bf6 Rc7 38. Rd1 Rd7 39. Rd4 Bc6 40. Rh4
Kg8 41. Ke1 Rd6 42. Rd4 Rxd4 43. cxd4 Kf8 44. e4 Bb5 45. d5 Ke8 46. Bd4 Kd7 47.
Bc5 Bc4 48. Kf2 Bb5 49. h4 Bc4 50. Ke3 Bf1 51. Kd4 Bg2 52. f4 Bf3 53. Bb4 Ke8
54. Ke5 Bg2 55. f5 Bf3 56. f6 Bd1 57. Kd6 Bc2 58. e5 Bb3 59. e6 Ba2 60. Kc5
fxe6 61. d6 e5 62. Kb6 Kd7 63. Kxb7 Bc4 64. f7 Bxf7 65. Kxa6 Kc6 66. Ka7 Bc4
67. a6 e4 68. Bc5 Bb5 69. d7 Kxd7 70. Kb7 Bc6+ 71. Kb8 Ke6 72. a7 Kf5 73. a8=Q
Bxa8 74. Kxa8 Kg4 75. Bf2 Kf3 76. Be1 e3 77. Kb7 Kg4 78. Kc6 Kh5 79. Kd5 h6
1/2-1/2

[Event "World Open"]
[Site "Valley Forge, PA"]
[Date "2010.07.03"]
[Round "4"]
[White "Kazhgaleyev, Murtas"]
[Black "Panjwani, Raja"]
[Result "1-0"]
[WhiteElo "2609"]
[BlackElo "2401"]
[PlyCount "101"]
[EventDate "2010.07.??"]
[EventCountry "USA"]
[Source "MonRoi"]

1. e4 e5 2. Nf3 Nc6 3. Bb5 Nf6 4. d3 d6 5. c3 Bd7 6. O-O g6 7. Re1 Bg7 8. Ba4
O-O 9. h3 Qe8 10. Bb3 Kh8 11. Na3 Ng8 12. d4 Nge7 13. Nc4 a5 14. a4 Qd8 15. Bg5
f6 16. Bh4 g5 17. Bg3 Ng6 18. Ne3 Nce7 19. Qd2 Qe8 20. c4 Nf4 21. c5 dxc5 22.
dxc5 Rd8 23. Qxa5 Qh5 24. Ng4 Neg6 25. Rad1 Nxh3+ 26. gxh3 Qxh3 27. Rxd7 Nf4
28. Bxf4 Qxg4+ 29. Bg3 Rxd7 30. Qc3 Rfd8 31. Nh2 Qh3 32. Bc2 h5 33. Nf1 h4 34.
Bh2 Qxc3 35. bxc3 c6 36. f3 Bf8 37. Kf2 Bxc5+ 38. Ke2 Ba3 39. Rb1 Kg7 40. Bg1
Kg6 41. Bb6 Rh8 42. Bb3 h3 43. Nh2 Re7 44. Rh1 Rh4 45. Ng4 h2 46. Rxh2 Bc1 47.
Bf2 Rxh2 48. Nxh2 Rd7 49. Nf1 b5 50. Be6 Rd8 51. f4 1-0

[Event "World Open"]
[Site "Valley Forge, PA"]
[Date "2010.07.03"]
[Round "4"]
[White "Sundararajan, Kidambi"]
[Black "Korley, Kassa"]
[Result "1/2-1/2"]
[WhiteElo "2520"]
[BlackElo "2284"]
[PlyCount "47"]
[EventDate "2010.07.??"]
[EventCountry "USA"]
[Source "MonRoi"]

1. Nf3 Nf6 2. d4 g6 3. Bg5 Bg7 4. Nbd2 d5 5. e3 O-O 6. Be2 Bg4 7. O-O c6 8. h3
Bxf3 9. Bxf3 Qb6 10. c4 e6 11. Rb1 a6 12. b4 Nbd7 13. a4 Qc7 14. Qb3 b5 15.
cxb5 cxb5 16. Rfc1 Qb7 17. Bf4 Rfc8 18. Be2 Bf8 19. Rxc8 Rxc8 20. axb5 axb5 21.
Qd3 Qa7 22. Qxb5 Rc2 23. Nf1 Qa2 24. Re1 1/2-1/2

[Event "World Open"]
[Site "Valley Forge, PA"]
[Date "2010.07.03"]
[Round "4"]
[White "Meszaros, Michal"]
[Black "Romanenko, Vladimir"]
[Result "1-0"]
[WhiteElo "2393"]
[BlackElo "2496"]
[PlyCount "63"]
[EventDate "2010.07.??"]
[EventCountry "USA"]
[Source "MonRoi"]

1. e4 c6 2. d4 d5 3. Nc3 dxe4 4. Nxe4 Bf5 5. Ng3 Bg6 6. Nf3 Nd7 7. h4 h6 8. h5
Bh7 9. Bd3 Bxd3 10. Qxd3 e6 11. Bd2 Ngf6 12. O-O-O Be7 13. Nf1 O-O 14. Ne3 Qc7
15. g4 Nh7 16. Nc4 b5 17. Nce5 Nxe5 18. Nxe5 c5 19. f4 cxd4 20. g5 hxg5 21. h6
f5 22. hxg7 Rfc8 23. Ba5 Qc5 24. Bb4 Qc7 25. Ba5 Qc5 26. Rd2 g4 27. Nxg4 Kxg7
28. Rxh7+ Kxh7 29. Qh3+ Kg7 30. Qh6+ Kf7 31. Qh5+ Kf8 32. Nh6 1-0

[Event "World Open"]
[Site "Valley Forge, PA"]
[Date "2010.07.03"]
[Round "4"]
[White "Molner, Mackenzie"]
[Black "Thaler, Michael"]
[Result "1-0"]
[WhiteElo "2439"]
[BlackElo "2253"]
[PlyCount "105"]
[EventDate "2010.07.??"]
[EventCountry "USA"]
[Source "MonRoi"]

1. e4 c5 2. Nf3 e6 3. d4 cxd4 4. Nxd4 a6 5. Bd3 Nf6 6. O-O Qc7 7. Qe2 d6 8. c4
g6 9. Nc3 Bg7 10. Nf3 Nbd7 11. Bf4 O-O 12. Rfd1 Ng4 13. Rac1 b6 14. b3 Bb7 15.
h3 Nge5 16. Nxe5 Nxe5 17. Qd2 Rfd8 18. Be2 f5 19. Qe3 Qc5 20. exf5 gxf5 21. Na4
Qc6 22. f3 Ng6 23. Bh2 Kh8 24. Qxb6 Bh6 25. Rc3 Nf4 26. Bf1 Rg8 27. Kf2 Rad8
28. Qxc6 Bxc6 29. Nb2 Bg7 30. Rc2 Be5 31. g3 Nh5 32. f4 Bg7 33. Be2 Nxf4 34.
gxf4 Bxb2 35. Bf3 Bxf3 36. Kxf3 Bf6 37. Re2 Rge8 38. Bg1 e5 39. Bb6 e4+ 40. Ke3
Rd7 41. Rd5 Rg8 42. Rxf5 Rg3+ 43. Kd2 Rd3+ 44. Kc2 Rc3+ 45. Kb1 Bg7 46. Rxe4 h6
47. Re3 Kh7 48. Rxc3 Bxc3 49. Kc2 Bb4 50. Ba5 Kg6 51. Rd5 Bc5 52. Bc3 Rf7 53.
b4 1-0

[Event "World Open"]
[Site "Valley Forge, PA"]
[Date "2010.07.03"]
[Round "4"]
[White "Paragua, Mark"]
[Black "Zierk, Steven"]
[Result "1-0"]
[WhiteElo "2497"]
[BlackElo "2377"]
[PlyCount "73"]
[EventDate "2010.07.??"]
[EventCountry "USA"]
[Source "MonRoi"]

1. d4 f5 2. g3 Nf6 3. Bg2 g6 4. Nf3 Bg7 5. O-O d6 6. c4 O-O 7. Nc3 Qe8 8. Re1
c6 9. e4 fxe4 10. Nxe4 Nxe4 11. Rxe4 Bf5 12. Re1 Qf7 13. Ng5 Qf6 14. Be3 Na6
15. Ne4 Qe6 16. d5 Qd7 17. Bd4 Bxd4 18. Qxd4 c5 19. Qd2 Nc7 20. Qh6 Bxe4 21.
Rxe4 Rf7 22. Rae1 Raf8 23. b3 Qd8 24. f4 b5 25. Qg5 Re8 26. Bh3 Kh8 27. Bg4 Kg7
28. Qh4 Rf6 29. f5 gxf5 30. Bxf5 Rxf5 31. Rxe7+ Rf7 32. Qg5+ Kh8 33. Rxe8+ Qxe8
34. Rxe8+ Nxe8 35. Qd8 Rf8 36. Qe7 Kg8 37. cxb5 1-0

[Event "World Open"]
[Site "Valley Forge, PA"]
[Date "2010.07.03"]
[Round "4"]
[White "Potkin, Vladimir"]
[Black "Panchanathan, Magesh"]
[Result "1/2-1/2"]
[WhiteElo "2634"]
[BlackElo "2549"]
[PlyCount "86"]
[EventDate "2010.07.??"]
[EventCountry "USA"]
[Source "MonRoi"]

1. d4 Nf6 2. c4 e6 3. Nc3 Bb4 4. e3 c5 5. Nge2 cxd4 6. exd4 d5 7. a3 Be7 8. Nf4
O-O 9. cxd5 exd5 10. Be2 Nc6 11. O-O Be6 12. Be3 Qd7 13. Rc1 Rad8 14. Na4 Na5
15. Nc5 Bxc5 16. Rxc5 Nc4 17. Bxc4 dxc4 18. Nxe6 Qxe6 19. Qa4 Nd5 20. Qxc4 b6
21. Rc6 Qe4 22. Qc2 Rfe8 23. Qxe4 Rxe4 24. Re1 f5 25. Kf1 f4 26. Bc1 Rxd4 27.
Rce6 Rc8 28. Re8+ Rxe8 29. Rxe8+ Kf7 30. Rc8 Rd1+ 31. Ke2 Rg1 32. Kf3 g5 33. g3
Ke6 34. h3 fxg3 35. fxg3 h6 36. h4 gxh4 37. gxh4 Rh1 38. Rc4 h5 39. Bg5 Ke5 40.
Re4+ Kf5 41. Rd4 Ke5 42. Re4+ Kf5 43. Rd4 Ke5 1/2-1/2

[Event "World Open"]
[Site "Valley Forge, PA"]
[Date "2010.07.03"]
[Round "4"]
[White "Sarkar, Justin"]
[Black "Wang, Puchen"]
[Result "1/2-1/2"]
[WhiteElo "2378"]
[BlackElo "2469"]
[PlyCount "41"]
[EventDate "2010.07.??"]
[EventCountry "USA"]
[Source "MonRoi"]

1. d4 d5 2. c4 c6 3. Nf3 Nf6 4. Nc3 dxc4 5. a4 Na6 6. e3 Bg4 7. Bxc4 e6 8. h3
Bh5 9. O-O Nb4 10. Qe2 Be7 11. g4 Bg6 12. e4 O-O 13. Bf4 Qa5 14. Ne5 Rad8 15.
Rad1 Nd7 16. Bg3 Nxe5 17. dxe5 Qc5 18. Bb3 Qb6 19. Bc4 Qc5 20. Bb3 Qb6 21. Bc4
1/2-1/2

[Event "World Open"]
[Site "Valley Forge, PA"]
[Date "2010.07.03"]
[Round "4"]
[White "Shabalov, Alexander"]
[Black "Laznicka, Viktor"]
[Result "0-1"]
[WhiteElo "2585"]
[BlackElo "2636"]
[PlyCount "78"]
[EventDate "2010.07.??"]
[EventCountry "USA"]
[Source "MonRoi"]

1. d4 d5 2. c4 c6 3. Nc3 Nf6 4. e3 a6 5. Qc2 b5 6. b3 Bg4 7. Nge2 Nbd7 8. h3
Bh5 9. Nf4 Bg6 10. Nxg6 hxg6 11. Bb2 e6 12. c5 g5 13. O-O-O g6 14. Kb1 Bg7 15.
g3 Qc7 16. Bg2 Kf8 17. g4 Re8 18. f3 e5 19. Qf2 Kg8 20. Rhf1 exd4 21. exd4 Nf8
22. Bc1 Ne6 23. Ne2 Nd7 24. f4 gxf4 25. Nxf4 Nf6 26. Nxe6 Rxe6 27. Bf4 Qe7 28.
Be5 Ne8 29. Bg3 Nf6 30. Be5 Rxe5 31. dxe5 Qxe5 32. Rd4 Rh6 33. Rfd1 Nd7 34. b4
g5 35. a3 Rf6 36. Qa2 Rf4 37. Rxf4 gxf4 38. Qb3 Nf6 39. Ka2 Qe2+ 0-1

[Event "World Open"]
[Site "Valley Forge, PA"]
[Date "2010.07.03"]
[Round "4"]
[White "Stripunsky, Alexander"]
[Black "Macak, Stefan"]
[Result "1-0"]
[WhiteElo "2570"]
[BlackElo "2411"]
[PlyCount "157"]
[EventDate "2010.07.??"]
[EventCountry "USA"]
[Source "MonRoi"]

1. e4 e6 2. f4 d5 3. e5 c5 4. Nf3 Nc6 5. c3 Nge7 6. Na3 Nf5 7. Nc2 h5 8. d4
cxd4 9. cxd4 Qb6 10. Bd3 Be7 11. Bxf5 exf5 12. O-O Be6 13. Be3 a5 14. Rb1 Qb5
15. Bf2 Nb4 16. a3 Nxc2 17. Qxc2 Kd7 18. a4 Qb6 19. Qd1 Rac8 20. Be1 Rc6 21.
Bc3 Qa6 22. h3 g6 23. Qd2 Rhc8 24. Ra1 R8c7 25. Rfc1 b6 26. Kh2 Qc8 27. Ng1 h4
28. Qd3 Ke8 29. Ne2 Bd7 30. b3 Qa8 31. Be1 Rxc1 32. Rxc1 Rxc1 33. Nxc1 Qc6 34.
Bd2 Bd8 35. Ne2 b5 36. Nc3 Ke7 37. Be1 Ke6 38. Qd2 b4 39. Nb5 Bc8 40. Na7 Qc7
41. Nxc8 Qxc8 42. Qd3 Qc6 43. Bd2 Be7 44. Kg1 Kd7 45. Kf2 Kc7 46. Ke1 Kd7 47.
Kd1 Bd8 48. Be1 Be7 49. Bf2 Bd8 50. Qe2 Be7 51. Qf3 Ke6 52. Qd3 Bd8 53. g3 hxg3
54. Bxg3 Be7 55. Be1 Bd8 56. h4 Be7 57. Qe2 Qb6 58. Qd3 Qc6 59. Bf2 Bd8 60. Qf1
Be7 61. Qe2 Bf8 62. Be1 Qb6 63. Qd3 Qc6 64. Ke2 Be7 65. Bf2 Bf8 66. Kf3 Be7 67.
Kg2 Bd8 68. Qe2 Kd7 69. Qf3 Be7 70. Qd3 Bf8 71. h5 Bh6 72. Kf3 Ke6 73. hxg6
fxg6 74. Be3 Bf8 75. Qf1 Kf7 76. Qd3 Ke6 77. Ke2 Be7 78. Kd1 Bf8 79. Bf2 1-0

[Event "World Open"]
[Site "Valley Forge, PA"]
[Date "2010.07.03"]
[Round "4"]
[White "Uesugi, Shinsaku"]
[Black "Battaglini, Gabriel"]
[Result "1-0"]
[WhiteElo "2332"]
[BlackElo "2419"]
[PlyCount "60"]
[EventDate "2010.07.??"]
[EventCountry "USA"]
[Source "MonRoi"]

1. Nf3 Nf6 2. g3 d5 3. Bg2 c6 4. c4 dxc4 5. Na3 Qd5 6. O-O Nbd7 7. d4 cxd3 8.
exd3 e6 9. Nc4 Be7 10. a4 Nb6 11. Nfe5 Qd8 12. a5 Nxc4 13. dxc4 Qxd1 14. Rxd1
Nd7 15. Bf4 g5 16. a6 Nb8 17. Be3 f6 18. axb7 Bxb7 19. Rxa7 Rxa7 20. Bxa7 fxe5
21. Bxb8 O-O 22. Bxe5 Bc5 23. Rd2 Bb4 24. Rd7 Rf5 25. Rxb7 Bc5 26. Bc3 Rxf2 27.
Kh1 Rc2 28. Bh3 h5 29. Bxe6+ Kf8 30. Rf7+ Ke8 1-0

[Event "World Open"]
[Site "Valley Forge, PA"]
[Date "2010.07.03"]
[Round "5"]
[White "Laznicka, Viktor"]
[Black "Lenderman, Alex"]
[Result "1-0"]
[WhiteElo "2636"]
[BlackElo "2598"]
[PlyCount "77"]
[EventDate "2010.07.??"]
[EventCountry "USA"]
[Source "MonRoi"]

1. d4 Nf6 2. c4 e6 3. g3 c5 4. Nf3 cxd4 5. Nxd4 Bb4+ 6. Bd2 Bc5 7. Nb3 Be7 8.
Bg2 Qc7 9. Na3 a6 10. c5 Nc6 11. Nc4 a5 12. a4 O-O 13. O-O Ne8 14. Rc1 Ra6 15.
Qe1 Bd8 16. Bc3 Bf6 17. Qd2 Bxc3 18. Rxc3 f5 19. Rd1 Nf6 20. Rcc1 g6 21. Qd6
Qd8 22. Qf4 Nh5 23. Qe3 Nf6 24. Rd6 Ne8 25. Rd2 Nb4 26. Rcd1 Nf6 27. Rd6 Nfd5
28. Bxd5 Rxd6 29. Nxd6 Nxd5 30. Rxd5 exd5 31. Qe5 b6 32. Qxd5+ Kg7 33. Qd4+ Qf6
34. Qxf6+ Kxf6 35. cxb6 Ba6 36. Nc5 Ra8 37. b4 Bb7 38. b5 Rb8 39. Ncxb7 1-0

[Event "World Open"]
[Site "Valley Forge, PA"]
[Date "2010.07.03"]
[Round "5"]
[White "Bercys, Salvijus"]
[Black "Amanov, Mesgen"]
[Result "1/2-1/2"]
[WhiteElo "2427"]
[BlackElo "2479"]
[PlyCount "24"]
[EventDate "2010.07.??"]
[EventCountry "USA"]
[Source "MonRoi"]

1. d4 d5 2. c4 c6 3. Nf3 Nf6 4. e3 e6 5. Bd3 dxc4 6. Bxc4 Nbd7 7. O-O Bd6 8.
Bd3 O-O 9. Nbd2 c5 10. Qe2 cxd4 11. exd4 Nb6 12. Ne4 Nbd5 1/2-1/2